00360nam a22001337a 4500020001800000040000900018082001800027100003600045110001700081245003400098250001800132260004200150650003400192 a9789352606184 cNUST a621.3824bKRA aJohn D Draus, Ronald J Marhefka aAhmad S Khan aAntennas and Wave Propagation aFifth Edition aIndia:bMcGraw Hill Education,c2018. 2Antennas and Wave Propagation